Belgium provinces - Statistics

General Stats
  • This quiz has been taken 31 times
  • The average score is 7 of 11
Answer Stats
Answer % Correct
Brussels
83%
Antwerp
78%
Liege
78%
Luxembourg
72%
Limburg
67%
Namur
67%
East Flanders
61%
West Flanders
61%
Hainaut
50%
Flemish Brabant
44%
Walloon Brabant
44%
No matching quizzes found
Score Distribution
Percent of People with Each Score
Percentile by Number Answered
Your Score History
You have not taken this quiz